000 00654nam a22002297a 4500
005 20250303133149.0
008 230222b |||||||| |||| 00| 0 eng d
017 _aLD.6128
018 _a2022
020 _a9789789890538
040 _aNLN
_bEnglish
_eAACR2
050 _aDT515.83.A233
_bA3
082 _a922.8669
100 _aADEWOLE, Sunday
_eaut
_921013
245 _aBy God's mercy /
_cSunday Adewole
260 _a[S.l] :
_bDiocese of Kwara,
_c2021
300 _aiii, 61p. :
_bcol.ports. ; 21cm.
563 _a(pbk.)
650 _aAdewole, Sunday Timothy Gbadega, 1965-
_921014
650 _aClergy
_vNigeria
_xBiography
_98857
942 _cBK
_n0
999 _c10672
_d10672